Choosing our future (Record no. 105805)

MARC details
000 -LEADER
fixed length control field 01132cam a2200217 4500
001 - CONTROL NUMBER
control field ##E134796
008 - FIXED-LENGTH DATA ELEMENTS--GENERAL INFORMATION
fixed length control field 040609n2005 000 0 eng u
020 ## - INTERNATIONAL STANDARD BOOK NUMBER
International Standard Book Number 0755948513
035 ## - SYSTEM CONTROL NUMBER
System control number (Sirsi) u134796
041 0# - LANGUAGE CODE
Language code of text/sound track or separate title eng
050 04 - LIBRARY OF CONGRESS CALL NUMBER
Classification number 333.72 $2 18
110 2# - MAIN ENTRY--CORPORATE NAME
Corporate name or jurisdiction name as entry element Scottish Executive
9 (RLIN) 3811
245 00 - TITLE STATEMENT
Title Choosing our future
Remainder of title Scotland's sustainable development strategy
Medium [electronic resource]
260 ## - PUBLICATION, DISTRIBUTION, ETC.
Place of publication, distribution, etc. Edinburgh
Name of publisher, distributor, etc. Scottish Executive
Date of publication, distribution, etc. 2005
300 ## - PHYSICAL DESCRIPTION
Extent 91p.
Other physical details ill.
Dimensions 30cm.
520 ## - SUMMARY, ETC.
Summary, etc. Sets out the strategy which Scotland will take in order to turn into action the shared priorities set out in the UK Framework for sustainable development. Describes the policies and programmes designed to drive change in 3 key areas - transforming the way waste is dealt with; capitalising on Scotland's sources of renewable energy; and taking action on climate change.
651 #4 - SUBJECT ADDED ENTRY--GEOGRAPHIC NAME
Geographic name Scotland
Chronological subdivision 1999-
690 ## - LOCAL SUBJECT ADDED ENTRY--TOPICAL TERM (OCLC, RLIN)
Topical term or geographic name as entry element ENVIRONMENTAL AND LAND CONSULTANCY-SUSTAINABILITY-SUSTAINABLE DEVELOPMENT
856 01 - ELECTRONIC LOCATION AND ACCESS
Uniform Resource Identifier <a href="https://www.scotland.gov.uk/Publications/2005/12/1493902/39032">https://www.scotland.gov.uk/Publications/2005/12/1493902/39032</a>
Public note View the item free of charge at www.scotland.gov.uk...
942 ## - ADDED ENTRY ELEMENTS (KOHA)
Suppress in OPAC 0
Holdings
Withdrawn status Lost status Source of classification or shelving scheme Damaged status Not for loan Home library Current library Shelving location Date acquired Total Checkouts Full call number Barcode Date last seen Copy number Price effective from Koha item type
    Dewey Decimal Classification     Virtual Virtual Online 21/02/2008   ONLINE PUBLICATION 134796-2001 06/08/2019 1 06/08/2019 Book